TARİHİN ARKA SOKAKLARI/D2 (Record no. 929372)
[ view plain ]
| 000 -LEADER | |
|---|---|
| sabit uzunluktaki kontrol alanı | 00255nam a2200097Ia 4500 |
| 001 - KONTROL NUMARASI | |
| kontrol alanı | 929372 |
| 005 - EN SON İŞLEMİN TARİH VE ZAMANI | |
| kontrol alanı | 20250826191653.0 |
| 008 - SABİT-UZUNLUKTA VERİ ÖĞELERİ--GENEL BİLGİ | |
| sabit uzunluktaki kontrol alanı | 250824s9999 xx 000 0 und d |
| 245 #0 - ESER / YAZAR | |
| ESER ADI | TARİHİN ARKA SOKAKLARI/D2 |
| Yazar Adı | YAVUZ BAHADIROĞLU |
| 260 ## - YAYIN, DAĞITIM, VB. | |
| YAYIN EVİ | PANAMA YAYINLARI |
| Düşüm durumu | Kayıp durumu | Hasar Durumu | Ödünç verilmez | Ana kütüphane | Geçerli Kütüphane | Edinilen tarih | Toplam ödünç verme sayısı | Barkod | Son görüntüleme tarihi | Fiyatın geçerli olmaya başladığı tarih | Koha materyal türü |
|---|---|---|---|---|---|---|---|---|---|---|---|
| ERTUĞRUL GAZİ ORTAOKULU | ERTUĞRUL GAZİ ORTAOKULU | 24.08.2025 | 10551128 | 26.08.2025 | 26.08.2025 | Books |